<?xml version="1.0" encoding="UTF-8"?>
<record
    xmlns:xsi="http://www.w3.org/2001/XMLSchema-instance"
    xsi:schemaLocation="http://www.loc.gov/MARC21/slim http://www.loc.gov/standards/marcxml/schema/MARC21slim.xsd"
    xmlns="http://www.loc.gov/MARC21/slim">

  <leader>02438Cam#a2200481#a#4500</leader>
  <controlfield tag="003">AR-BeUNQ</controlfield>
  <controlfield tag="005">20251201183444.0</controlfield>
  <controlfield tag="008">160309s2015    ag ado j      000 0 spa d</controlfield>
  <datafield tag="020" ind1=" " ind2=" ">
    <subfield code="a">9789873615214</subfield>
  </datafield>
  <datafield tag="040" ind1=" " ind2=" ">
    <subfield code="a">AR-BeUNQ</subfield>
    <subfield code="b">spa</subfield>
    <subfield code="c">AR-BeUNQ</subfield>
    <subfield code="e">aacr</subfield>
  </datafield>
  <datafield tag="082" ind1="0" ind2="4">
    <subfield code="a">530.07</subfield>
    <subfield code="2">21</subfield>
  </datafield>
  <datafield tag="100" ind1="1" ind2=" ">
    <subfield code="a">Esp&#xF3;sito, Mar&#xED;a Graciela</subfield>
  </datafield>
  <datafield tag="245" ind1="1" ind2="0">
    <subfield code="a">Fisicoqu&#xED;mica III : </subfield>
    <subfield code="b">estructura y transformaciones de la materia : intercambios de energ&#xED;a /</subfield>
    <subfield code="c">Mar&#xED;a Graciela Esp&#xF3;sito, Armando Eugenio Zandanel.</subfield>
  </datafield>
  <datafield tag="250" ind1=" " ind2=" ">
    <subfield code="a">1a ed.</subfield>
  </datafield>
  <datafield tag="260" ind1=" " ind2=" ">
    <subfield code="a">Ituzaing&#xF3; : </subfield>
    <subfield code="b">Maipue, </subfield>
    <subfield code="c">2015.</subfield>
  </datafield>
  <datafield tag="300" ind1=" " ind2=" ">
    <subfield code="a">232 p. : </subfield>
    <subfield code="b">il., fot., tablas, gr&#xE1;ficos ; </subfield>
    <subfield code="c">27 cm</subfield>
  </datafield>
  <datafield tag="500" ind1=" " ind2=" ">
    <subfield code="a">En portada: "3o a&#xF1;o secundaria".</subfield>
  </datafield>
  <datafield tag="504" ind1=" " ind2=" ">
    <subfield code="a">Bibliograf&#xED;a: p. 229-232.</subfield>
  </datafield>
  <datafield tag="505" ind1="0" ind2=" ">
    <subfield code="a">Introducci&#xF3;n -- Estructura at&#xF3;mica -- Los enlaces qu&#xED;micos -- Los compuestos qu&#xED;micos -- Las reacciones qu&#xED;micas -- Las reacciones nucleares -- Intercambio de energ&#xED;a t&#xE9;rmica -- Las ondas transportan energ&#xED;a</subfield>
  </datafield>
  <datafield tag="650" ind1=" " ind2="7">
    <subfield code="a">F&#xED;sica</subfield>
    <subfield code="2">spines</subfield>
  </datafield>
  <datafield tag="650" ind1=" " ind2="7">
    <subfield code="a">Qu&#xED;mica</subfield>
    <subfield code="2">spines</subfield>
  </datafield>
  <datafield tag="650" ind1=" " ind2="7">
    <subfield code="a">Estructura at&#xF3;mica</subfield>
    <subfield code="2">spines</subfield>
  </datafield>
  <datafield tag="650" ind1=" " ind2="7">
    <subfield code="a">&#xC1;tomos</subfield>
    <subfield code="2">spines</subfield>
  </datafield>
  <datafield tag="650" ind1=" " ind2="7">
    <subfield code="a">Compuestos inorg&#xE1;nicos complejos</subfield>
    <subfield code="2">spines</subfield>
  </datafield>
  <datafield tag="650" ind1=" " ind2="7">
    <subfield code="a">Reacciones qu&#xED;micas</subfield>
    <subfield code="2">spines</subfield>
  </datafield>
  <datafield tag="650" ind1=" " ind2="7">
    <subfield code="a">Reacciones nucleares</subfield>
    <subfield code="2">spines</subfield>
  </datafield>
  <datafield tag="650" ind1=" " ind2="7">
    <subfield code="a">Energ&#xED;a t&#xE9;rmica</subfield>
    <subfield code="2">spines</subfield>
  </datafield>
  <datafield tag="650" ind1=" " ind2="7">
    <subfield code="a">Energ&#xED;a radiante</subfield>
    <subfield code="2">spines</subfield>
  </datafield>
  <datafield tag="650" ind1=" " ind2="7">
    <subfield code="a">Ense&#xF1;anza media</subfield>
    <subfield code="2">spines</subfield>
  </datafield>
  <datafield tag="650" ind1=" " ind2="7">
    <subfield code="a">Manuales</subfield>
    <subfield code="2">spines</subfield>
  </datafield>
  <datafield tag="653" ind1=" " ind2=" ">
    <subfield code="a">Enlaces qu&#xED;micos</subfield>
  </datafield>
  <datafield tag="700" ind1="1" ind2=" ">
    <subfield code="a">Zandanel, Armando Eugenio</subfield>
  </datafield>
  <datafield tag="929" ind1=" " ind2=" ">
    <subfield code="a">COMPRA</subfield>
    <subfield code="b">El Monje Libros</subfield>
    <subfield code="c">Compra 2015 Exp. 827-2158/15</subfield>
    <subfield code="d">225,00</subfield>
    <subfield code="e">20151229</subfield>
    <subfield code="f">PAT0062387</subfield>
    <subfield code="j">54240</subfield>
    <subfield code="h">1</subfield>
  </datafield>
  <datafield tag="929" ind1=" " ind2=" ">
    <subfield code="a">COMPRA</subfield>
    <subfield code="b">El Monje Libros</subfield>
    <subfield code="c">Compra 2015 Exp. 827-2158/15</subfield>
    <subfield code="d">225,00</subfield>
    <subfield code="e">20151229</subfield>
    <subfield code="f">PAT0062388</subfield>
    <subfield code="j">54241</subfield>
    <subfield code="h">2</subfield>
  </datafield>
  <datafield tag="929" ind1=" " ind2=" ">
    <subfield code="a">COMPRA</subfield>
    <subfield code="b">El Monje Libros</subfield>
    <subfield code="c">Compra 2015 Exp. 827-2158/15</subfield>
    <subfield code="d">225,00</subfield>
    <subfield code="e">20151229</subfield>
    <subfield code="f">PAT0063038</subfield>
    <subfield code="j">54760</subfield>
    <subfield code="h">3</subfield>
  </datafield>
  <datafield tag="929" ind1=" " ind2=" ">
    <subfield code="a">COMPRA</subfield>
    <subfield code="b">El Monje Libros</subfield>
    <subfield code="c">Compra 2015 Exp. 827-2158/15</subfield>
    <subfield code="d">225,00</subfield>
    <subfield code="e">20151229</subfield>
    <subfield code="f">PAT0063039</subfield>
    <subfield code="j">54761</subfield>
    <subfield code="h">4</subfield>
  </datafield>
  <datafield tag="929" ind1=" " ind2=" ">
    <subfield code="a">COMPRA</subfield>
    <subfield code="b">Marcos Buchin</subfield>
    <subfield code="c">Compra 2025 Exp. 827-1393/2025</subfield>
    <subfield code="d">29900</subfield>
    <subfield code="e">2025</subfield>
    <subfield code="f">PAT0084539</subfield>
    <subfield code="j">63663</subfield>
    <subfield code="h">5</subfield>
  </datafield>
  <datafield tag="929" ind1=" " ind2=" ">
    <subfield code="a">COMPRA</subfield>
    <subfield code="b">Marcos Buchin</subfield>
    <subfield code="c">Compra 2025 Exp. 827-1393/2025</subfield>
    <subfield code="d">29900</subfield>
    <subfield code="e">2025</subfield>
    <subfield code="f">PAT0084540</subfield>
    <subfield code="j">63664</subfield>
    <subfield code="h">6</subfield>
  </datafield>
  <datafield tag="929" ind1=" " ind2=" ">
    <subfield code="a">COMPRA</subfield>
    <subfield code="b">Marcos Buchin</subfield>
    <subfield code="c">Compra 2025 Exp. 827-1393/2025</subfield>
    <subfield code="d">29900</subfield>
    <subfield code="e">2025</subfield>
    <subfield code="f">PAT0084541</subfield>
    <subfield code="j">63665</subfield>
    <subfield code="h">7</subfield>
  </datafield>
  <datafield tag="929" ind1=" " ind2=" ">
    <subfield code="a">COMPRA</subfield>
    <subfield code="b">Marcos Buchin</subfield>
    <subfield code="c">Compra 2025 Exp. 827-1393/2025</subfield>
    <subfield code="d">29900</subfield>
    <subfield code="e">2025</subfield>
    <subfield code="f">PAT0084542</subfield>
    <subfield code="j">63666</subfield>
    <subfield code="h">8</subfield>
  </datafield>
  <datafield tag="929" ind1=" " ind2=" ">
    <subfield code="a">COMPRA</subfield>
    <subfield code="b">Marcos Buchin</subfield>
    <subfield code="c">Compra 2025 Exp. 827-1393/2025</subfield>
    <subfield code="d">29900</subfield>
    <subfield code="e">2025</subfield>
    <subfield code="f">PAT0084543</subfield>
    <subfield code="j">63667</subfield>
    <subfield code="h">9</subfield>
  </datafield>
  <datafield tag="942" ind1=" " ind2=" ">
    <subfield code="c">LIB</subfield>
    <subfield code="n">0</subfield>
  </datafield>
  <datafield tag="999" ind1=" " ind2=" ">
    <subfield code="c">109</subfield>
    <subfield code="d">109</subfield>
  </datafield>
  <datafield tag="952" ind1=" " ind2=" ">
    <subfield code="0">0</subfield>
    <subfield code="1">0</subfield>
    <subfield code="a">BIBESET</subfield>
    <subfield code="b">BIBESET</subfield>
    <subfield code="c">circulacion</subfield>
    <subfield code="d">2016-06-02</subfield>
    <subfield code="h">v. 3</subfield>
    <subfield code="l">0</subfield>
    <subfield code="o">530.07 ESP</subfield>
    <subfield code="p">54240</subfield>
    <subfield code="r">2016-06-02</subfield>
    <subfield code="t">1</subfield>
    <subfield code="w">2022-02-24</subfield>
    <subfield code="y">LIB</subfield>
    <subfield code="k">CMG</subfield>
  </datafield>
  <datafield tag="952" ind1=" " ind2=" ">
    <subfield code="0">0</subfield>
    <subfield code="1">0</subfield>
    <subfield code="a">BIBESET</subfield>
    <subfield code="b">BIBESET</subfield>
    <subfield code="c">circulacion</subfield>
    <subfield code="d">2016-06-02</subfield>
    <subfield code="h">v. 3</subfield>
    <subfield code="l">0</subfield>
    <subfield code="o">530.07 ESP</subfield>
    <subfield code="p">54241</subfield>
    <subfield code="r">2016-06-02</subfield>
    <subfield code="t">2</subfield>
    <subfield code="w">2022-02-24</subfield>
    <subfield code="y">LIB</subfield>
    <subfield code="k">CMG</subfield>
  </datafield>
  <datafield tag="952" ind1=" " ind2=" ">
    <subfield code="0">0</subfield>
    <subfield code="1">0</subfield>
    <subfield code="a">BIBESET</subfield>
    <subfield code="b">BIBESET</subfield>
    <subfield code="c">circulacion</subfield>
    <subfield code="d">2016-07-20</subfield>
    <subfield code="h">v. 3</subfield>
    <subfield code="l">0</subfield>
    <subfield code="o">530.07 ESP</subfield>
    <subfield code="p">54760</subfield>
    <subfield code="r">2016-07-20</subfield>
    <subfield code="t">3</subfield>
    <subfield code="w">2022-02-24</subfield>
    <subfield code="y">LIB</subfield>
    <subfield code="k">CG</subfield>
  </datafield>
  <datafield tag="952" ind1=" " ind2=" ">
    <subfield code="0">0</subfield>
    <subfield code="1">0</subfield>
    <subfield code="a">BIBESET</subfield>
    <subfield code="b">BIBESET</subfield>
    <subfield code="c">circulacion</subfield>
    <subfield code="d">2016-07-20</subfield>
    <subfield code="h">v. 3</subfield>
    <subfield code="l">0</subfield>
    <subfield code="o">530.07 ESP</subfield>
    <subfield code="p">54761</subfield>
    <subfield code="r">2016-07-20</subfield>
    <subfield code="t">4</subfield>
    <subfield code="w">2022-02-24</subfield>
    <subfield code="y">LIB</subfield>
    <subfield code="k">CG</subfield>
  </datafield>
  <datafield tag="952" ind1=" " ind2=" ">
    <subfield code="0">0</subfield>
    <subfield code="1">0</subfield>
    <subfield code="a">BIBESET</subfield>
    <subfield code="b">BIBESET</subfield>
    <subfield code="c">circulacion</subfield>
    <subfield code="d">2025-11-28</subfield>
    <subfield code="h">v. 3</subfield>
    <subfield code="l">0</subfield>
    <subfield code="o">530.07 ESP</subfield>
    <subfield code="p">63663</subfield>
    <subfield code="r">2025-11-28</subfield>
    <subfield code="t">5</subfield>
    <subfield code="w">2025-11-28</subfield>
    <subfield code="y">LIB</subfield>
    <subfield code="k">CG</subfield>
  </datafield>
  <datafield tag="952" ind1=" " ind2=" ">
    <subfield code="0">0</subfield>
    <subfield code="1">0</subfield>
    <subfield code="a">BIBESET</subfield>
    <subfield code="b">BIBESET</subfield>
    <subfield code="c">circulacion</subfield>
    <subfield code="d">2025-11-28</subfield>
    <subfield code="h">v. 3</subfield>
    <subfield code="l">0</subfield>
    <subfield code="o">530.07 ESP</subfield>
    <subfield code="p">63664</subfield>
    <subfield code="r">2025-11-28</subfield>
    <subfield code="t">6</subfield>
    <subfield code="w">2025-11-28</subfield>
    <subfield code="y">LIB</subfield>
    <subfield code="k">CG</subfield>
  </datafield>
  <datafield tag="952" ind1=" " ind2=" ">
    <subfield code="0">0</subfield>
    <subfield code="1">0</subfield>
    <subfield code="a">BIBESET</subfield>
    <subfield code="b">BIBESET</subfield>
    <subfield code="c">circulacion</subfield>
    <subfield code="d">2025-11-28</subfield>
    <subfield code="h">v. 3</subfield>
    <subfield code="l">0</subfield>
    <subfield code="o">530.07 ESP</subfield>
    <subfield code="p">63665</subfield>
    <subfield code="r">2025-11-28</subfield>
    <subfield code="t">7</subfield>
    <subfield code="w">2025-11-28</subfield>
    <subfield code="y">LIB</subfield>
    <subfield code="k">CG</subfield>
  </datafield>
  <datafield tag="952" ind1=" " ind2=" ">
    <subfield code="0">0</subfield>
    <subfield code="1">0</subfield>
    <subfield code="a">BIBESET</subfield>
    <subfield code="b">BIBESET</subfield>
    <subfield code="c">circulacion</subfield>
    <subfield code="d">2025-11-28</subfield>
    <subfield code="h">v. 3</subfield>
    <subfield code="l">0</subfield>
    <subfield code="o">530.07 ESP</subfield>
    <subfield code="p">63666</subfield>
    <subfield code="r">2025-11-28</subfield>
    <subfield code="t">8</subfield>
    <subfield code="w">2025-11-28</subfield>
    <subfield code="y">LIB</subfield>
    <subfield code="k">CG</subfield>
  </datafield>
  <datafield tag="952" ind1=" " ind2=" ">
    <subfield code="0">0</subfield>
    <subfield code="1">0</subfield>
    <subfield code="a">BIBESET</subfield>
    <subfield code="b">BIBESET</subfield>
    <subfield code="c">circulacion</subfield>
    <subfield code="d">2025-11-28</subfield>
    <subfield code="h">v. 3</subfield>
    <subfield code="l">0</subfield>
    <subfield code="o">530.07 ESP</subfield>
    <subfield code="p">63667</subfield>
    <subfield code="r">2025-11-28</subfield>
    <subfield code="t">9</subfield>
    <subfield code="w">2025-11-28</subfield>
    <subfield code="y">LIB</subfield>
    <subfield code="k">CG</subfield>
  </datafield>
</record>
